The Acts of the apostles in present-day preaching / (Record no. 6929)
[ view plain ]
| 000 -LEADER | |
|---|---|
| fixed length control field | 00904cam a2200277Ka 4500 |
| 001 - CONTROL NUMBER | |
| control field | 269548 |
| 003 - CONTROL NUMBER IDENTIFIER | |
| control field | OCoLC |
| 005 - DATE AND TIME OF LATEST TRANSACTION | |
| control field | 20190121180644.0 |
| 008 - FIXED-LENGTH DATA ELEMENTS--GENERAL INFORMATION | |
| fixed length control field | 720323m19381939ilu 000 0 eng d |
| 010 ## - LIBRARY OF CONGRESS CONTROL NUMBER | |
| LC control number | 38012985 |
| 040 ## - CATALOGING SOURCE | |
| Original cataloging agency | WSU |
| Language of cataloging | eng |
| Transcribing agency | WSU |
| Modifying agency | OCL |
| -- | OCLCG |
| -- | ZAS |
| -- | LNT |
| -- | OCLCQ |
| -- | OCLCO |
| -- | OCLCA |
| -- | OCLCQ |
| -- | OCLCA |
| 050 ## - LIBRARY OF CONGRESS CALL NUMBER | |
| Classification number | BS2625 |
| Item number | .L8 |
| 082 ## - DEWEY DECIMAL CLASSIFICATION NUMBER | |
| Classification number | 226.6 |
| Item number | L934A |
| 100 1# - MAIN ENTRY--PERSONAL NAME | |
| Personal name | Luccock, Halford Edward, |
| Dates associated with a name | 1885-1960. |
| 245 14 - TITLE STATEMENT | |
| Title | The Acts of the apostles in present-day preaching / |
| Statement of responsibility, etc. | by Halford E. Luccock. |
| 260 ## - PUBLICATION, DISTRIBUTION, ETC. | |
| Place of publication, distribution, etc. | Chicago : |
| Name of publisher, distributor, etc. | Willett, Clark & Co., |
| Date of publication, distribution, etc. | 1938-1939. |
| 300 ## - PHYSICAL DESCRIPTION | |
| Extent | 2 volumes ; |
| Dimensions | 20 cm |
| 336 ## - CONTENT TYPE | |
| Content type term | text |
| Content type code | txt |
| Source | rdacontent |
| 337 ## - MEDIA TYPE | |
| Media type term | unmediated |
| Media type code | n |
| Source | rdamedia |
| 338 ## - CARRIER TYPE | |
| Carrier type term | volume |
| Carrier type code | nc |
| Source | rdacarrier |
| 504 ## - BIBLIOGRAPHY, ETC. NOTE | |
| Bibliography, etc. note | "Notes": v. 1, pages 164-166. |
| 505 0# - FORMATTED CONTENTS NOTE | |
| Formatted contents note | [v. 1. Chapters 1-8] -- v. 2. Chapters 9-28. |
| 630 00 - SUBJECT ADDED ENTRY--UNIFORM TITLE | |
| Uniform title | Bible. |
| Name of part/section of a work | Acts |
| General subdivision | Homiletical use. |
| 650 #0 - SUBJECT ADDED ENTRY--TOPICAL TERM | |
| Topical term or geographic name entry element | Preaching. |
| 942 ## - ADDED ENTRY ELEMENTS (KOHA) | |
| Source of classification or shelving scheme | Dewey Decimal Classification |
| Koha item type | Books |
| Withdrawn status | Lost status | Source of classification or shelving scheme | Damaged status | Not for loan | Collection code | Home library | Current library | Shelving location | Date acquired | Cost, normal purchase price | Total Checkouts | Full call number | Barcode | Date last seen | Price effective from | Koha item type |
|---|---|---|---|---|---|---|---|---|---|---|---|---|---|---|---|---|
| Dewey Decimal Classification | Non-fiction | Harvest Mission College | Harvest Mission College | General Stacks | 21.01.2019 | 1350.00 | 226.6 L934A | 007757 | 21.01.2019 | 21.01.2019 | Books |
